[Event "Russian Championship B13 1st league 2016"]
[Site "Loo"]
[Date "2016.04.26"]
[Round "7.6"]
[White "Lvov, Nikita"]
[Black "Zemskov, Roman"]
[Result "1-0"]
[WhiteElo "1731"]
[BlackElo "1824"]
[PlyCount "155"]
[EventDate "2016.04.20"]

1. d4 g6 2. Nf3 d6 3. c4 Bg4 4. e3 Bxf3 5. Qxf3 c6 6. b3 Bg7 7. Bb2 e6 8. Nd2
Ne7 9. Bd3 O-O 10. O-O Qc7 11. Ne4 Nd7 12. Ba3 c5 13. Rac1 b6 14. Rfd1 Rad8 15.
Bb2 Nc6 16. Bb1 h6 17. Qg3 Nf6 18. Nxf6+ Bxf6 19. Be4 Ne7 20. h3 Nf5 21. Bxf5
exf5 22. h4 h5 23. Qf4 Qe7 24. g3 Qe4 25. Qxe4 fxe4 26. Rc2 Be7 27. Rcd2 f6 28.
Kf1 Kf7 29. Ke2 Ke6 30. Bc3 g5 31. dxc5 dxc5 32. Rd5 Rxd5 33. Rxd5 Rd8 34. hxg5
fxg5 35. Re5+ Kd6 36. Rxe4 Rf8 37. Re5 Rf7 38. Rd5+ Ke6 39. Re5+ Kd6 40. f4
gxf4 41. gxf4 Rh7 42. Rd5+ Kc6 43. Kf3 h4 44. Kg2 h3+ 45. Kh2 Bh4 46. Rd1 Bf2
47. e4 Be3 48. Be5 Rf7 49. Rd6+ Kb7 50. f5 Re7 51. Re6 Rxe6 52. fxe6 Kc8 53.
Kxh3 Kd8 54. Kg4 Ke7 55. Kf5 Bc1 56. a4 Be3 57. Bb8 a6 58. Ba7 Bd2 59. Bxb6 Bb4
60. Ke5 Ba3 61. Kd5 Ke8 62. Bxc5 Bb2 63. Kc6 a5 64. Kb5 Bf6 65. Kxa5 Bg5 66. b4
Bd2 67. Ka6 Bg5 68. b5 Bf6 69. b6 Bh4 70. b7 Bd8 71. e7 Bc7 72. Ka7 Bb8+ 73.
Kxb8 Kd7 74. Bd6 Ke8 75. Kc7 Kf7 76. b8=Q Ke6 77. e8=Q+ Kf6 78. Qbd8+ 1-0

[Event "Russian Championship B13 1st league 2016"]
[Site "Loo"]
[Date "2016.04.26"]
[Round "7.7"]
[White "Kamaev, Dzhabrail"]
[Black "Ismailov, Amir"]
[Result "0-1"]
[WhiteElo "1823"]
[BlackElo "1714"]
[PlyCount "226"]
[EventDate "2016.04.20"]

1. e4 c5 2. Nf3 Nc6 3. c3 Nf6 4. e5 Nd5 5. d4 cxd4 6. Bc4 Nb6 7. Bb3 e6 8. cxd4
d6 9. Nc3 dxe5 10. dxe5 Qxd1+ 11. Nxd1 Bd7 12. Nc3 Na5 13. Bc2 Rc8 14. Be4 Bb4
15. Bd2 Nbc4 16. Rb1 Nxb2 17. Rxb2 Bxc3 18. Bxc3 Rxc3 19. O-O O-O 20. h3 b6 21.
Rd1 Bc6 22. Bxc6 Nxc6 23. Rd7 Rc8 24. Ng5 Nxe5 25. Rxa7 h6 26. Ne4 Rc1+ 27. Kh2
Nc4 28. Re2 Rc6 29. g4 Nd6 30. Nxd6 Rxd6 31. Rb2 Rcd1 32. Ra6 R1d2 33. Rxd2
Rxd2 34. Kg3 b5 35. Ra8+ Kh7 36. Rb8 Rxa2 37. Rxb5 g5 38. Rc5 Kg6 39. Re5 Ra3+
40. f3 Ra2 41. h4 Ra3 42. h5+ Kf6 43. Rb5 Rd3 44. Ra5 Rd5 45. Ra7 Rb5 46. Rc7
Rb4 47. Ra7 Rf4 48. Ra5 e5 49. Ra6+ Kg7 50. Ra5 e4 51. fxe4 Rxe4 52. Rf5 Re3+
53. Kf2 Ra3 54. Kg2 Ra6 55. Kg3 Rf6 56. Ra5 Rf4 57. Ra6 Rb4 58. Rc6 Re4 59. Ra6
Re5 60. Ra7 Rb5 61. Rc7 Rb3+ 62. Kg2 Re3 63. Ra7 Re6 64. Kf3 Kf6 65. Ra5 Rc6
66. Rf5+ Ke7 67. Rb5 Ke6 68. Rf5 Rc4 69. Ra5 Rf4+ 70. Kg3 Rd4 71. Ra3 Rd6 72.
Ra5 f6 73. Ra8 f5 74. gxf5+ Kxf5 75. Rf8+ Ke5 76. Re8+ Re6 77. Rf8 Kd4 78. Kg4
Re4+ 79. Kg3 Rh4 80. Rd8+ Ke5 81. Re8+ Kf6 82. Rf8+ Ke7 83. Ra8 Rxh5 84. Ra6
Rh4 85. Rb6 Kf7 86. Ra6 Kg7 87. Rd6 Rf4 88. Ra6 Rf6 89. Ra1 Kg6 90. Rb1 h5 91.
Rb5 h4+ 92. Kg4 Rf4+ 93. Kh3 Ra4 94. Rb8 Ra3+ 95. Kh2 Kh5 96. Rh8+ Kg4 97. Rg8
Ra2+ 98. Kg1 h3 99. Rc8 Kh4 100. Rc4+ g4 101. Rb4 Ra8 102. Kh2 Rf8 103. Kg1 Kg3
104. Rb3+ Rf3 105. Rb1 Rf4 106. Rb3+ Kh4 107. Rb8 Rd4 108. Rb1 g3 109. Re1 Rf4
110. Rb1 h2+ 111. Kh1 Kh3 112. Rg1 g2+ 113. Rxg2 Rf1+ 0-1

[Event "Russian Championship B13 1st league 2016"]
[Site "Loo"]
[Date "2016.04.26"]
[Round "7.8"]
[White "Zakirov, Artur"]
[Black "Mutovin, Egor"]
[Result "0-1"]
[WhiteElo "1725"]
[BlackElo "1801"]
[PlyCount "66"]
[EventDate "2016.04.20"]

1. e4 e6 2. d4 d5 3. exd5 exd5 4. Bd3 Bd6 5. h3 Ne7 6. Nf3 O-O 7. O-O Bf5 8.
Re1 Bxd3 9. Qxd3 c5 10. Bg5 Nbc6 11. c3 Qb6 12. Nbd2 h6 13. Be3 c4 14. Qc2 Qc7
15. b3 cxb3 16. Nxb3 Rac8 17. Qb2 Nd8 18. Rac1 Ne6 19. Ne5 b5 20. Re2 a5 21.
Nd3 Qc4 22. Ne5 Qa4 23. Qd2 Rc7 24. f4 Rfc8 25. Qd3 b4 26. f5 Rxc3 27. Rxc3
Rxc3 28. Qa6 Nxf5 29. Qa8+ Kh7 30. Nxf7 Rxe3 31. Rxe3 Nxe3 32. Qh8+ Kg6 33.
Nxd6 Qxa2 0-1

[Event "Russian Championship B13 1st league 2016"]
[Site "Loo"]
[Date "2016.04.26"]
[Round "7.9"]
[White "Peregudov, Denis"]
[Black "Ril, Evgeny"]
[Result "1-0"]
[WhiteElo "1517"]
[BlackElo "1797"]
[PlyCount "91"]
[EventDate "2016.04.20"]

1. d4 d5 2. c4 dxc4 3. e3 Nf6 4. Bxc4 e6 5. Nf3 c5 6. O-O a6 7. dxc5 Qxd1 8.
Rxd1 Bxc5 9. a3 Ke7 10. b4 Bd6 11. Bb2 b5 12. Be2 Nbd7 13. Nbd2 Bb7 14. Rac1
Rhc8 15. Nb3 Nb6 16. Be5 Bxe5 17. Nxe5 Bd5 18. Nc5 Nbd7 19. Ncxd7 Nxd7 20. Rxc8
Rxc8 21. Nxd7 Bb3 22. Nb6 Rc6 23. Rb1 Bc2 24. Rc1 Kd6 25. a4 Bxa4 26. Rxc6+
Kxc6 27. Nxa4 bxa4 28. Bc4 a3 29. Kf1 a2 30. Bxa2 Kb5 31. Ke2 Kxb4 32. Kd3 a5
33. Bc4 a4 34. e4 h6 35. Kd4 e5+ 36. Kd3 f6 37. g4 Ka3 38. Kc3 g6 39. f3 h5 40.
h3 h4 41. Be6 g5 42. Bc4 f5 43. exf5 e4 44. f6 e3 45. f7 e2 46. f8=B# 1-0

[Event "Russian Championship B13 1st league 2016"]
[Site "Loo"]
[Date "2016.04.26"]
[Round "7.11"]
[White "Zhukov, Anton"]
[Black "Burdin, Shahrom"]
[Result "1-0"]
[WhiteElo "1767"]
[BlackElo "1514"]
[PlyCount "75"]
[EventDate "2016.04.20"]

1. d4 Nf6 2. c4 e6 3. g3 Bb4+ 4. Bd2 Bxd2+ 5. Qxd2 Ne4 6. Qc2 Qg5 7. Nc3 Nxc3
8. Qxc3 Nc6 9. Nf3 Qa5 10. Qxa5 Nxa5 11. Rc1 b6 12. Bg2 Bb7 13. O-O O-O-O 14.
Ne5 Rhf8 15. Bxb7+ Nxb7 16. c5 f6 17. Nd3 Kb8 18. Nb4 Na5 19. Nd3 Nc6 20. e3
Kb7 21. Rc3 Rfe8 22. Rfc1 Rc8 23. Kf1 Ne7 24. e4 Nc6 25. d5 exd5 26. exd5 Ne5
27. c6+ dxc6 28. dxc6+ Kb8 29. Nxe5 Rxe5 30. Rd3 Rce8 31. Rcd1 Kc8 32. Rd7 R5e7
33. b4 a6 34. a4 g6 35. b5 axb5 36. axb5 f5 37. Ra1 Kb8 38. Rd3 1-0

[Event "Russian Championship B13 1st league 2016"]
[Site "Loo"]
[Date "2016.04.26"]
[Round "7.12"]
[White "Kitaev, Roman"]
[Black "Kozlov, Denis"]
[Result "1/2-1/2"]
[WhiteElo "1744"]
[BlackElo "1617"]
[PlyCount "93"]
[EventDate "2016.04.20"]

1. e4 e6 2. Nf3 d5 3. Nc3 Nf6 4. e5 Nfd7 5. d4 c5 6. dxc5 Bxc5 7. Bd3 Nc6 8.
Bf4 f6 9. exf6 Nxf6 10. O-O O-O 11. Bg3 Bd7 12. Re1 a6 13. Qd2 b5 14. Bh4 Qb6
15. a3 Rac8 16. Nd1 a5 17. Ne3 b4 18. Bxf6 Bxe3 19. Qxe3 Qxe3 20. Rxe3 gxf6 21.
Bb5 e5 22. axb4 axb4 23. c3 Rb8 24. Bxc6 Bxc6 25. h3 Ra8 26. Ree1 bxc3 27. bxc3
Bb5 28. Reb1 Bd3 29. Rxa8 Bxb1 30. Ra6 Kg7 31. Rd6 Ba2 32. Rd7+ Rf7 33. Rxf7+
Kxf7 34. Kf1 Ke6 35. g4 Kd6 36. Ke2 Bb1 37. Ke3 Kc5 38. g5 fxg5 39. Nxe5 Bf5
40. Nf7 Bxh3 41. Nxg5 Bf5 42. Nf3 Kc4 43. Kd2 h5 44. Nh4 Be6 45. Nf3 Bf5 46.
Ne5+ Kc5 47. Nf3 1/2-1/2

[Event "Russian Championship B13 1st league 2016"]
[Site "Loo"]
[Date "2016.04.26"]
[Round "7.13"]
[White "Beloshapko, Matvej"]
[Black "Kryukov, Alexey"]
[Result "1/2-1/2"]
[WhiteElo "1741"]
[BlackElo "1617"]
[PlyCount "101"]
[EventDate "2016.04.20"]

1. e4 e5 2. Nf3 Nc6 3. d4 exd4 4. Nxd4 Nf6 5. Nxc6 bxc6 6. e5 Qe7 7. Qe2 Nd5 8.
f4 Qe6 9. c4 Nb6 10. Nc3 Be7 11. b3 d5 12. exd6 cxd6 13. Qxe6 Bxe6 14. Bb2 Rb8
15. O-O-O d5 16. cxd5 cxd5 17. Bb5+ Kd8 18. Kb1 Rc8 19. Rc1 Bf6 20. Ka1 Bd7 21.
Ba6 Rc7 22. Rhd1 Re8 23. Nb1 Bxb2+ 24. Kxb2 Rxc1 25. Rxc1 Re6 26. Bd3 Rh6 27.
h3 Rf6 28. Rf1 Re6 29. Nd2 Re3 30. Kc2 Ke7 31. Rf3 Rxf3 32. Nxf3 h6 33. Ne5 Ke6
34. Kc3 g5 35. Nxd7 Nxd7 36. fxg5 hxg5 37. g4 Ke5 38. b4 Nb6 39. b5 d4+ 40. Kb4
Nd5+ 41. Kc4 Nf4 42. a4 Nd5 43. a5 Nf4 44. b6 axb6 45. axb6 Kd6 46. b7 Kc7 47.
Kxd4 Nxh3 48. Be4 Nf2 49. Bf3 Nxg4 50. Bxg4 Kxb7 51. Ke5 1/2-1/2

[Event "Russian Championship B13 1st league 2016"]
[Site "Loo"]
[Date "2016.04.26"]
[Round "7.14"]
[White "Yastrebov, Nikita"]
[Black "Bokov, Egor"]
[Result "1-0"]
[WhiteElo "1725"]
[BlackElo "1615"]
[PlyCount "120"]
[EventDate "2016.04.20"]

1. d4 Nf6 2. Bf4 b6 3. e3 Bb7 4. Nf3 c5 5. c3 d6 6. Nbd2 g6 7. Be2 Bg7 8. O-O
O-O 9. h3 Nc6 10. Qc2 Rc8 11. Qb3 cxd4 12. exd4 e5 13. dxe5 dxe5 14. Bg5 Re8
15. Rad1 Qe7 16. Bxf6 Bxf6 17. Ne4 Rcd8 18. Nxf6+ Qxf6 19. Rxd8 Rxd8 20. Qc2
Qe6 21. Nd2 Qxa2 22. Bc4 Rxd2 23. Bxf7+ Qxf7 24. Qxd2 Na5 25. Re1 Nc4 26. Qd8+
Qf8 27. Qc7 Qf7 28. Qb8+ Kg7 29. b3 Qd5 30. f3 Qc5+ 31. Kh2 Nd6 32. Qd8 Nf7 33.
Qd7 Bxf3 34. Rf1 Bd5 35. c4 Bxc4 36. bxc4 Qxc4 37. Ra1 a5 38. Qa7 Qb4 39. Rf1
Qb3 40. Qe7 a4 41. Rf3 Qc4 42. Qf6+ Kf8 43. Qxb6 Kg8 44. Qb8+ Kg7 45. Qa7 e4
46. Ra3 Qe6 47. Qxa4 e3 48. Qd4+ Qe5+ 49. Qxe5+ Nxe5 50. Rxe3 Kf6 51. Ra3 h5
52. Ra6+ Kg5 53. Kg3 h4+ 54. Kf2 Kf5 55. Ra5 Kf4 56. Ra4+ Kg5 57. Ke3 Nd7 58.
Ra5+ Kf6 59. Kf4 Nf8 60. Kg4 Ne6 1-0

[Event "Russian Championship B13 1st league 2016"]
[Site "Loo"]
[Date "2016.04.26"]
[Round "7.15"]
[White "Shalimo, Eugene"]
[Black "Koptev, Ruslan"]
[Result "1/2-1/2"]
[WhiteElo "1445"]
[BlackElo "1691"]
[PlyCount "89"]
[EventDate "2016.04.20"]

1. Nf3 Nf6 2. g3 b5 3. Bg2 Bb7 4. O-O g6 5. d4 Bg7 6. Nbd2 O-O 7. e3 d6 8. c4
bxc4 9. Re1 Nbd7 10. Nxc4 c5 11. b3 Rc8 12. Bb2 Rc7 13. dxc5 Nxc5 14. Bc3 Qa8
15. Rc1 Be4 16. Ncd2 Nd3 17. Nxe4 Nxc1 18. Nxf6+ Bxf6 19. Nd4 Qc8 20. Ba5 Rc5
21. Bb4 Rc7 22. Ba5 Rc5 23. Bb4 Nxa2 24. Bxc5 dxc5 25. Nc6 Nb4 26. Nxa7 Qc7 27.
Nb5 Qa5 28. Bf1 Rb8 29. Qe2 Nd3 30. Rd1 Qxb5 31. Rxd3 Qa5 32. Qc2 e6 33. Rd1
Rb4 34. Bc4 Rb8 35. Qe4 Qa8 36. Qxa8 Rxa8 37. Rd7 Rc8 38. Kg2 Kf8 39. Kg1 Rd8
40. Rxd8+ Bxd8 41. Kg2 Ke7 42. Kf3 Kd6 43. Ke4 f5+ 44. Kd3 Ba5 45. f4 1/2-1/2

[Event "Russian Championship B13 1st league 2016"]
[Site "Loo"]
[Date "2016.04.26"]
[Round "7.16"]
[White "Tsymbal, Evgeny"]
[Black "Mizirenkov, Stepan Dmitriev"]
[Result "0-1"]
[WhiteElo "1652"]
[BlackElo "1567"]
[PlyCount "116"]
[EventDate "2016.04.20"]

1. d4 Nf6 2. Nf3 d5 3. e3 Bg4 4. h3 Bf5 5. c4 e6 6. cxd5 exd5 7. Qb3 b6 8. Ne5
c6 9. Nd2 Bd6 10. Ndf3 Bxe5 11. Nxe5 O-O 12. Bd3 Bxd3 13. Qxd3 Re8 14. O-O c5
15. Nf3 c4 16. Qd1 Nc6 17. a3 Na5 18. Nd2 Ne4 19. Nxe4 Rxe4 20. Bd2 Nb3 21. Rb1
Nxd2 22. Qxd2 Qc7 23. Rbc1 Qd6 24. f3 Re7 25. Qf2 f6 26. Rfe1 Rae8 27. Rc2 Kf7
28. Rce2 b5 29. Qh4 Kg8 30. Qh5 g6 31. Qh4 Re6 32. Qf2 Kf7 33. e4 R8e7 34. h4
h5 35. g3 a6 36. Kg2 Kg7 37. e5 Qb6 38. exf6+ Kxf6 39. Re5 Kf7 40. f4 Rxe5 41.
fxe5+ Ke8 42. Rf1 Kd7 43. Qe3 a5 44. Qd2 b4 45. axb4 Qxb4 46. Qxb4 axb4 47. Ra1
Kc6 48. Ra6+ Kb5 49. Rd6 c3 50. bxc3 bxc3 51. Kf2 Rc7 52. e6 c2 53. e7 Rxe7 54.
Rxd5+ Kc4 55. Rc5+ Kd3 56. d5 Re5 57. Kf3 Rf5+ 58. Kg2 Kd2 0-1

[Event "Russian Championship B13 1st league 2016"]
[Site "Loo"]
[Date "2016.04.26"]
[Round "7.17"]
[White "Ivanov, Ilya"]
[Black "Darmogray, Makar"]
[Result "1/2-1/2"]
[WhiteElo "1498"]
[BlackElo "1634"]
[PlyCount "112"]
[EventDate "2016.04.20"]

1. d4 Nf6 2. c4 e6 3. Nc3 d5 4. Bf4 Be7 5. e3 O-O 6. Nf3 c6 7. Bd3 Nbd7 8. O-O
Re8 9. Ne5 dxc4 10. Bxc4 Nxe5 11. Bxe5 Bd6 12. Bxd6 Qxd6 13. Qe2 e5 14. dxe5
Qxe5 15. h3 Be6 16. Rad1 Rad8 17. Bxe6 Qxe6 18. Rxd8 Rxd8 19. Rd1 Rxd1+ 20.
Qxd1 Qd7 21. Qxd7 Nxd7 22. Kf1 Nc5 23. Ke2 a5 24. e4 Kf8 25. f4 Ke7 26. Ke3 f6
27. Ne2 Ne6 28. Ng3 g6 29. f5 Nc5 30. Kd4 Nd7 31. fxg6 hxg6 32. Ne2 g5 33. g3
b6 34. h4 gxh4 35. gxh4 Ne5 36. h5 Nf3+ 37. Ke3 Ne5 38. b3 Kf7 39. Kf4 b5 40.
Kf5 Kg7 41. Nd4 a4 42. b4 a3 43. h6+ Kxh6 44. Kxf6 Nd3 45. e5 Nxb4 46. e6 Nd5+
47. Kf7 b4 48. Nb3 Kg5 49. e7 Nxe7 50. Kxe7 Kf4 51. Kd6 Ke3 52. Kc5 Ke4 53.
Kxc6 Kd3 54. Kc5 Kc3 55. Nc1 b3 56. axb3 a2 1/2-1/2

[Event "Russian Championship B13 1st league 2016"]
[Site "Loo"]
[Date "2016.04.26"]
[Round "7.18"]
[White "Anchikov, Vladimir"]
[Black "Zuev, Aleksandr"]
[Result "1-0"]
[WhiteElo "1619"]
[BlackElo "1563"]
[PlyCount "121"]
[EventDate "2016.04.20"]

1. e4 c5 2. Nf3 d6 3. d4 cxd4 4. Nxd4 Nf6 5. f3 e5 6. Nb3 Be6 7. c4 a5 8. Be3
Nbd7 9. Nc3 Rc8 10. Nd5 Bxd5 11. cxd5 Be7 12. Be2 O-O 13. O-O Nh5 14. Qd2 b6
15. Bb5 Nc5 16. Nxc5 dxc5 17. b3 h6 18. g3 Bd6 19. Rae1 Qf6 20. Bd7 Rc7 21. Bg4
Qg6 22. Bf5 Qf6 23. Qe2 g5 24. f4 Nxf4 25. gxf4 exf4 26. Kh1 Qe5 27. Bg1 Re7
28. Qg4 Kg7 29. Rf3 Qf6 30. h3 Re5 31. Bh2 Rfe8 32. Bd7 R8e7 33. Rxf4 Qg6 34.
Bf5 Rxf5 35. Rxf5 h5 36. Qxg5 Bxh2 37. Kxh2 Rd7 38. Qxg6+ Kxg6 39. Rg1+ Kh6 40.
Rf6+ Kh7 41. Rxb6 a4 42. bxa4 Ra7 43. d6 Rxa4 44. Rd1 Rxa2+ 45. Kg1 Ra8 46. d7
Rg8+ 47. Kf2 Rd8 48. Rc6 h4 49. Rc8 Rxd7 50. Rxd7 Kg6 51. Rxc5 Kh6 52. Kf3 Kg6
53. e5 Kf5 54. Re7 Kg6 55. Kf4 f6 56. exf6 Kh6 57. Kg4 Kg6 58. f7 Kg7 59. Rf5
Kg6 60. f8=N+ Kh6 61. Rh5# 1-0

[Event "Russian Championship B13 1st league 2016"]
[Site "Loo"]
[Date "2016.04.26"]
[Round "7.19"]
[White "Polyakov, Anton"]
[Black "Dyatlov, Oleg"]
[Result "1-0"]
[WhiteElo "1799"]
[BlackElo "1469"]
[PlyCount "63"]
[EventDate "2016.04.20"]

1. e4 c5 2. d4 cxd4 3. c3 dxc3 4. Nxc3 Nc6 5. Nf3 e6 6. Bc4 a6 7. Qe2 Nge7 8.
Bg5 Qa5 9. Bd2 Qd8 10. O-O Ng6 11. Be3 Be7 12. Na4 Qa5 13. Nb6 Rb8 14. a3 Qh5
15. Qd2 Bc5 16. Rac1 Bxe3 17. Qxe3 O-O 18. Rfd1 Rd8 19. Bxa6 bxa6 20. Rxc6 Qb5
21. Rcd6 Qxb2 22. h3 Nf8 23. e5 h6 24. Qc5 Bb7 25. Nxd7 Nxd7 26. Rxd7 Rxd7 27.
Rxd7 Bxf3 28. gxf3 Qa1+ 29. Kg2 Rb1 30. Qc8+ Kh7 31. Qc2+ f5 32. exf6+ 1-0

[Event "Russian Championship B13 1st league 2016"]
[Site "Loo"]
[Date "2016.04.26"]
[Round "7.20"]
[White "Amirov, Ramil"]
[Black "Onishchenko, Gennady"]
[Result "1-0"]
[WhiteElo "1773"]
[BlackElo "1612"]
[PlyCount "63"]
[EventDate "2016.04.20"]

1. e4 e5 2. Bc4 Nf6 3. Nf3 Nc6 4. O-O Bc5 5. d4 Bxd4 6. Nxd4 Nxd4 7. f4 d6 8.
fxe5 dxe5 9. Bg5 Qe7 10. Bxf6 gxf6 11. Kh1 Be6 12. Na3 Rd8 13. c3 Bxc4 14. Nxc4
Nc6 15. Qf3 Qe6 16. Ne3 Ne7 17. Qxf6 Qxf6 18. Rxf6 O-O 19. Raf1 Ng6 20. g3 Rd2
21. R1f2 Rxf2 22. Rxf2 Rd8 23. Kg2 Rd6 24. Ng4 Kg7 25. h4 h5 26. Ne3 Rd7 27.
Nd5 Kh6 28. Nf6 Rd6 29. Ne8 Rd7 30. Kf3 Re7 31. Nf6 Nf8 32. Ng8+ 1-0

[Event "Russian Championship B13 1st league 2016"]
[Site "Loo"]
[Date "2016.04.26"]
[Round "7.21"]
[White "Kundianok, Vladislav"]
[Black "Kovalev, Kirill"]
[Result "0-1"]
[WhiteElo "1767"]
[BlackElo "1597"]
[PlyCount "128"]
[EventDate "2016.04.20"]

1. e4 e5 2. Nf3 Nc6 3. d4 exd4 4. Bc4 d6 5. Nxd4 Nxd4 6. Qxd4 Nf6 7. Nc3 Be7 8.
h3 Bd7 9. Be3 h6 10. O-O-O O-O 11. g4 Nh7 12. f4 Bc6 13. Rhg1 Bf6 14. e5 dxe5
15. fxe5 Qxd4 16. Bxd4 Bg5+ 17. Kb1 Rad8 18. Bc5 Rxd1+ 19. Rxd1 Rd8 20. Rf1 Be8
21. a4 b6 22. Bf2 Nf8 23. h4 Bf4 24. Bxb6 cxb6 25. Rxf4 Ng6 26. Re4 Bc6 27. Re1
Nxh4 28. Bb3 Nf3 29. Re3 Nd2+ 30. Ka2 Nxb3 31. Kxb3 Rd4 32. Rg3 Bd5+ 33. Ka3
Be6 34. g5 h5 35. g6 fxg6 36. Rxg6 Kf7 37. Rg2 h4 38. Nb5 Rg4 39. Nd6+ Kg6 40.
Rh2 Kh5 41. c3 Rg3 42. Ne8 Bd7 43. Nc7 Re3 44. Rg2 g5 45. Nd5 Rxe5 46. Nf6+ Kg6
47. Nxd7 Rd5 48. Nf8+ Kh5 49. Nh7 Rf5 50. b4 h3 51. Rh2 Kh4 52. Nxg5 Rxg5 53.
Kb3 Rg4 54. a5 b5 55. Rd2 a6 56. Rd6 h2 57. Rxa6 Rg5 58. c4 bxc4+ 59. Kxc4 h1=Q
60. Rh6+ Rh5 61. Rxh5+ Kxh5 62. Kc5 Qb7 63. b5 Qc7+ 64. Kb4 Kg5 0-1

[Event "Russian Championship B13 1st league 2016"]
[Site "Loo"]
[Date "2016.04.26"]
[Round "7.22"]
[White "Dunaev, Denis"]
[Black "Traschenko, Damir"]
[Result "1-0"]
[WhiteElo "1628"]
[BlackElo "1733"]
[PlyCount "103"]
[EventDate "2016.04.20"]

1. e4 c5 2. Nf3 Nc6 3. d4 cxd4 4. Nxd4 g6 5. Nc3 Bg7 6. Be3 Nf6 7. Bc4 O-O 8.
f3 d6 9. Qd2 Bd7 10. O-O-O Rc8 11. Bb3 Ne5 12. h4 h5 13. g4 Nc4 14. Bxc4 Rxc4
15. Nde2 Qa5 16. gxh5 Nxh5 17. Bh6 Be6 18. Bxg7 Kxg7 19. Rdg1 Rd8 20. Rg5 Rc5
21. Rhg1 Rdc8 22. Qd4+ Re5 23. Rxh5 Rc4 24. Rxe5 dxe5 25. Qe3 b5 26. b3 Rc6 27.
h5 Qa3+ 28. Kb1 b4 29. Na4 Ra6 30. Nc5 Qxa2+ 31. Kc1 Qa1+ 32. Kd2 Rd6+ 33. Nd3
Qa2 34. Nec1 Qa5 35. hxg6 fxg6 36. Qg5 Bf7 37. Rh1 Qc5 38. Ne2 Qc7 39. Qxe5+
Kf8 40. Rh8+ Bg8 41. Qf4+ Kg7 42. Qh6+ Kf7 43. e5 Re6 44. Qf4+ Kg7 45. Rh4 Ra6
46. Qh6+ Kf7 47. Rf4+ Ke8 48. Qf8+ Kd7 49. Rd4+ Kc6 50. Qxg8 Kb7 51. Qd5+ Kc8
52. Rc4 1-0

[Event "Russian Championship B13 1st league 2016"]
[Site "Loo"]
[Date "2016.04.26"]
[Round "7.23"]
[White "Akhmetshin, Alexander"]
[Black "Novikov, Roman"]
[Result "0-1"]
[WhiteElo "1579"]
[BlackElo "1711"]
[PlyCount "112"]
[EventDate "2016.04.20"]

1. e4 e6 2. d4 d5 3. Bd3 Nf6 4. e5 Nfd7 5. c3 c5 6. Nf3 Nc6 7. O-O Be7 8. Re1
Rb8 9. a3 Qa5 10. Nbd2 c4 11. Bb1 b5 12. Nf1 b4 13. cxb4 Nxb4 14. Bd2 Qa6 15.
Bc3 Nc6 16. Ng3 g6 17. Qc1 Nb6 18. Bc2 Na5 19. Qh6 Bd7 20. Qg7 Rf8 21. Qxh7 Nb3
22. Bxb3 cxb3 23. h3 Nc4 24. Qh6 Rc8 25. Ne2 Bb5 26. Bb4 Nxb2 27. Bxe7 Kxe7 28.
Qd2 Nd3 29. Red1 Rc2 30. Qg5+ Kd7 31. Rd2 b2 32. Rb1 Rc1+ 33. Rd1 Rxd1+ 34.
Rxd1 Qa4 35. Qd2 Rc8 36. Rb1 Qc2 37. Rxb2 Nxb2 38. Qxc2 Rxc2 39. Ng3 Rc3 40. h4
Rxa3 41. Nh1 Ra1+ 42. Kh2 a5 43. g4 a4 44. h5 gxh5 45. gxh5 Bd3 46. h6 Be4 47.
Ng5 Rxh1+ 48. Kg3 Rxh6 49. Nxf7 Rg6+ 50. Kh2 a3 51. Nd6 a2 52. Nxe4 a1=Q 53.
Ng3 Qe1 54. Kg2 Qd2 55. Kf1 Nd3 56. Ne2 Qd1# 0-1

[Event "Russian Championship B13 1st league 2016"]
[Site "Loo"]
[Date "2016.04.26"]
[Round "7.24"]
[White "Zhukov, Ivan"]
[Black "Khanzhin, Timur"]
[Result "1-0"]
[WhiteElo "1667"]
[BlackElo "1582"]
[PlyCount "71"]
[EventDate "2016.04.20"]

1. e4 Nf6 2. e5 Nd5 3. d4 d6 4. c4 Nb6 5. f4 dxe5 6. fxe5 Nc6 7. Nf3 Bg4 8. Be3
e6 9. Nc3 Be7 10. Be2 Bxf3 11. gxf3 Qd7 12. Qd2 O-O-O 13. O-O-O Bb4 14. Qc2 Be7
15. f4 g6 16. a3 Na5 17. Ne4 Nc6 18. Rhg1 Qe8 19. Rd2 Rd7 20. Rgd1 Qd8 21. Kb1
Kb8 22. Qc3 Rf8 23. b4 a6 24. Bf3 Na7 25. Nc5 Bxc5 26. bxc5 Nbc8 27. d5 exd5
28. cxd5 Nb5 29. Qb4 Re8 30. a4 Nca7 31. axb5 Nxb5 32. Be2 b6 33. c6 Rde7 34.
Bxb5 axb5 35. Ra2 Qc8 36. Qa3 1-0

[Event "Russian Championship B13 1st league 2016"]
[Site "Loo"]
[Date "2016.04.26"]
[Round "7.25"]
[White "Bashev, Fyodor"]
[Black "Agabekov, Saveliy"]
[Result "1-0"]
[WhiteElo "1658"]
[BlackElo "1567"]
[PlyCount "49"]
[EventDate "2016.04.20"]

1. e4 e5 2. Nf3 Nc6 3. Bb5 a6 4. Bxc6 dxc6 5. h3 h5 6. d3 Bd6 7. Nc3 Be6 8. Be3
Ne7 9. Qe2 Qd7 10. O-O-O c5 11. Ng5 b5 12. Nxe6 Qxe6 13. Kb1 Qd7 14. Qd2 b4 15.
Ne2 a5 16. f4 f6 17. g4 exf4 18. Nxf4 Bxf4 19. Bxf4 hxg4 20. hxg4 O-O-O 21. g5
f5 22. exf5 Nxf5 23. Qg2 Qd5 24. Qxd5 Rxd5 25. Rxh8+ 1-0

[Event "Russian Championship B13 1st league 2016"]
[Site "Loo"]
[Date "2016.04.26"]
[Round "7.26"]
[White "Boktaev, Adyan"]
[Black "Filatov, Georgy"]
[Result "1-0"]
[WhiteElo "1657"]
[BlackElo "1545"]
[PlyCount "49"]
[EventDate "2016.04.20"]

1. d4 Nf6 2. c4 g6 3. Nc3 Bg7 4. e4 d6 5. f4 O-O 6. Nf3 c5 7. d5 h6 8. Bd3 Nh7
9. Bd2 Na6 10. a3 Nc7 11. O-O f6 12. Qc2 Bd7 13. e5 f5 14. e6 Be8 15. Nh4 Nf6
16. Rf3 Kh7 17. Rg3 Nh5 18. Rf3 Rf6 19. Ne2 Rf8 20. Ng3 Nf6 21. Bc3 a6 22. Bxf5
gxf5 23. Ngxf5 Rg8 24. Nxe7+ Kh8 25. Neg6+ 1-0

[Event "Russian Championship B13 1st league 2016"]
[Site "Loo"]
[Date "2016.04.26"]
[Round "7.27"]
[White "Tsukhaev, Musa"]
[Black "Stepochkin, Fedor"]
[Result "0-1"]
[WhiteElo "1518"]
[BlackElo "1649"]
[PlyCount "89"]
[EventDate "2016.04.20"]

1. e4 e6 2. d4 d5 3. Nc3 Bb4 4. e5 c5 5. a3 Bxc3+ 6. bxc3 Ne7 7. Qg4 Qc7 8. Be3
Nbc6 9. Nf3 cxd4 10. Bxd4 Nxd4 11. Qxd4 Bd7 12. Bd3 Rc8 13. Kd2 Nc6 14. Qe3 Qa5
15. Be2 O-O 16. Rhb1 Qc7 17. Bd3 f5 18. exf6 Rxf6 19. Re1 e5 20. Nxe5 Nxe5 21.
Qxe5 Rxf2+ 22. Kc1 Qxe5 23. Rxe5 Rxg2 24. Rxd5 Be6 25. Re5 Rc6 26. Rb5 Rc7 27.
Kb2 Rxh2 28. Re1 Bf7 29. Rf5 h5 30. Rg1 h4 31. Rfg5 Be6 32. Re5 Rc6 33. Reg5
Rc7 34. Re5 Bh3 35. Bg6 Rc8 36. Rge1 Bd7 37. Re7 Rd2 38. Bd3 Bc6 39. Rf1 Rf8
40. Bh7+ Kxh7 41. Rxf8 h3 42. Re3 Bg2 43. Rf4 g5 44. Rf7+ Kg6 45. Ree7 0-1

[Event "Russian Championship B13 1st league 2016"]
[Site "Loo"]
[Date "2016.04.26"]
[Round "7.28"]
[White "Shakirov, Marat"]
[Black "Babayan, Arman"]
[Result "1/2-1/2"]
[WhiteElo "1648"]
[BlackElo "1513"]
[PlyCount "59"]
[EventDate "2016.04.20"]

1. e4 d6 2. d4 g6 3. Nc3 Bg7 4. Be3 Nf6 5. f3 Nbd7 6. Qd2 c6 7. a4 Qa5 8. Bd3
O-O 9. Nge2 e5 10. O-O Kh8 11. Rab1 Qc7 12. Ng3 a6 13. Ra1 d5 14. dxe5 Nxe5 15.
exd5 cxd5 16. Bd4 Nxd3 17. Qxd3 Be6 18. Nce2 Rac8 19. c3 h5 20. Rfe1 h4 21. Nf1
Kh7 22. Qd2 Rh8 23. Nf4 Bd7 24. Be5 Qc5+ 25. Bd4 Qd6 26. Be5 Qc5+ 27. Bd4 Qd6
28. Be5 Qc5+ 29. Bd4 Qd6 30. Be5 1/2-1/2

[Event "Russian Championship B13 1st league 2016"]
[Site "Loo"]
[Date "2016.04.26"]
[Round "7.29"]
[White "Smirnov, Mark A"]
[Black "Abdulaev, Almaz"]
[Result "1-0"]
[WhiteElo "1637"]
[BlackElo "1451"]
[PlyCount "69"]
[EventDate "2016.04.20"]

1. d4 e6 2. c4 f5 3. Nc3 Nf6 4. Nf3 d5 5. Bg5 Be7 6. e3 c6 7. Bd3 O-O 8. O-O h6
9. Bxf6 Bxf6 10. Ne2 g5 11. Rc1 Bd7 12. Qb3 b6 13. Nc3 g4 14. Nd2 f4 15. cxd5
cxd5 16. Nxd5 Bg5 17. exf4 Bxf4 18. Nxf4 Rxf4 19. Be4 Na6 20. Bxa8 Qxa8 21. Qe3
Rf6 22. Qe2 Nb4 23. Qxg4+ Kf7 24. Nf3 Qd8 25. Ne5+ Ke7 26. Qg7+ Ke8 27. Nxd7
Rf7 28. Qg8+ Ke7 29. Qxd8+ Kxd8 30. Ne5 Rg7 31. a3 Nd5 32. f4 Ke7 33. f5 Kd6
34. Rc6+ Ke7 35. f6+ 1-0